| 000 | 00492nam a22001817a 4500 | ||
|---|---|---|---|
| 003 | OSt | ||
| 008 | 240516b2023 |||||||| |||| 00| 0 eng d | ||
| 020 | _a9789355324764 | ||
| 082 |
_a160 _bMOO-C |
||
| 100 | _aMoore, Brooke Noel | ||
| 245 |
_aCritical thinking / _cBrooke Noel More and Richard Parker. |
||
| 250 | _a13th | ||
| 260 |
_aNew York : _bMcGraw Hill Education, _c2023. |
||
| 300 | _axxi, 495 p. ; | ||
| 650 | _aCritical thinking | ||
| 700 | _aParker, Richard | ||
| 942 |
_2ddc _cBK _06 |
||
| 999 |
_c20540 _d20540 |
||